000 00661nam a2200229 i 4500
003 DO-SdBNP
005 20231023135730.0
006 a||||fr|||| 00| 0
007 ta
008 231023e1983 dr ||||| |||| 00| 0 spa d
040 _aDO-SdBNP
_bspa
_cBNPHU
_erda
082 4 _222
_bN964a
245 1 3 _aEl abc filosófico. /
_cCristóbal Núñez S.
264 _aSanto Domingo :
_b[sin editora],
_c1983
300 _a130 páginas ;
_c20 cm.
336 _2rdacontent
_atexto
_btxt
337 _2rdamedia
_asin mediación
_bn
338 _2rdacarrier
_avolumen
_bnc
504 _aBibliografía: página 130
590 _aInventariado 2023 / MF
942 _2ddc
_cLBS1
999 _c55249
_d55249